| 000 | 00933cab a2200301 4500 | ||
|---|---|---|---|
| 001 | ABS59033 | ||
| 008 | 090401t1998 xxu||||| |||| 00| 0 eng d | ||
| 035 | _a(Sirsi) u87519 | ||
| 041 | _aeng | ||
| 245 | _aDevelopment land or dangerous ground? | ||
| 260 | _c1998 | ||
| 350 | _a0 | ||
| 490 |
_aBuilding Trade and Industry _v14(7) July 1998, 1,26(2) |
||
| 520 | _aDiscusses the amount of urban derelict land and the development of brownfield sites. Considers the appropriateness of the land for residential or industrial use and the marketability of the sites. | ||
| 650 | _aBROWNFIELD SITES | ||
| 650 | _aCONTAMINATED LAND | ||
| 650 | _aDATABASE | ||
| 650 | _aDERELICT LAND | ||
| 650 | _aDEVELOPERS | ||
| 650 | _aFINANCIAL RISK | ||
| 650 | _aLANDFILL TAX | ||
| 650 | _aMARKETING | ||
| 650 | _aNHBC | ||
| 650 | _aPOLLUTED LAND | ||
| 690 | _aPROPERTY-PROPERTY DEVELOPMENT | ||
| 942 | _n0 | ||
| 948 | _c21/07/1998 | ||
| 999 |
_c55212 _d55212 |
||